<?xml version="1.0" encoding="UTF-8"?>
<record
    xmlns:xsi="http://www.w3.org/2001/XMLSchema-instance"
    xsi:schemaLocation="http://www.loc.gov/MARC21/slim http://www.loc.gov/standards/marcxml/schema/MARC21slim.xsd"
    xmlns="http://www.loc.gov/MARC21/slim">

  <leader>02145nam a2200289 u 4500</leader>
  <controlfield tag="001">1421223</controlfield>
  <controlfield tag="005">20260508090041.0</controlfield>
  <controlfield tag="008">150916s2013                        eng  </controlfield>
  <datafield tag="020" ind1=" " ind2=" ">
    <subfield code="a">9780262519663</subfield>
  </datafield>
  <datafield tag="035" ind1=" " ind2=" ">
    <subfield code="a">1421223</subfield>
  </datafield>
  <datafield tag="040" ind1=" " ind2=" ">
    <subfield code="c">comduadb</subfield>
  </datafield>
  <datafield tag="041" ind1=" " ind2=" ">
    <subfield code="a">eng</subfield>
  </datafield>
  <datafield tag="082" ind1=" " ind2="4">
    <subfield code="a">701</subfield>
  </datafield>
  <datafield tag="100" ind1="1" ind2="0">
    <subfield code="a">Groom, Amelia</subfield>
    <subfield code="4">edt</subfield>
    <subfield code="e">edt</subfield>
    <subfield code="9">732917</subfield>
  </datafield>
  <datafield tag="245" ind1="1" ind2="0">
    <subfield code="a">Time</subfield>
  </datafield>
  <datafield tag="250" ind1=" " ind2=" ">
    <subfield code="a">1. edici&#xF3;n.</subfield>
  </datafield>
  <datafield tag="260" ind1=" " ind2=" ">
    <subfield code="a">London :</subfield>
    <subfield code="b">MIT Press,</subfield>
    <subfield code="c">2013.</subfield>
  </datafield>
  <datafield tag="300" ind1=" " ind2=" ">
    <subfield code="a">237 p&#xE1;ginas.</subfield>
  </datafield>
  <datafield tag="490" ind1="0" ind2=" ">
    <subfield code="a">Whitechapel : Documents of Contemporary Art</subfield>
  </datafield>
  <datafield tag="520" ind1="3" ind2=" ">
    <subfield code="a">&#xBF;Qu&#xE9; significa "contempor&#xE1;neo" en realidad? Esta es una de las preguntas fundamentales sobre la naturaleza y la pol&#xED;tica del tiempo que fil&#xF3;sofos, artistas y m&#xE1;s recientemente curadores han investigado en las &#xFA;ltimas dos d&#xE9;cadas. Si el tiempo del reloj, una medida lineal que se puede unificar, seguir y poseer, es en gran medida la invenci&#xF3;n de la modernidad capitalista y nos une a sus restricciones, &#xBF;c&#xF3;mo podemos liberarnos y descubrir posibilidades alternativas de experimentar el tiempo? El arte reciente ha explorado registros tan diversos de temporalidad como el desperdicio y la espera, la regresi&#xF3;n y la repetici&#xF3;n, el d&#xE9;j&#xE0; vu y la serialidad, la posibilidad y la ociosidad no realizadas, la no consumaci&#xF3;n y la contraproductividad, lo tard&#xED;o y lo prematuro, lo desarticulado y lo fuera de lugar. sincronizaci&#xF3;n: todo lo cual va en contra del tiempo secuencialista y los deslizamientos de &#xED;ndice en la experiencia cronol&#xF3;gica. Si bien te&#xF3;ricos como Giorgio Agamben y Georges Didi-Huberman han propuesto lecturas "anacr&#xF3;nicas" o "heterocr&#xF3;nicas" de la historia, los artistas han abierto el campo del tiempo en la medida en que se cuestiona la noci&#xF3;n de lo contempor&#xE1;neo. Esta colecci&#xF3;n examina el arte contempor&#xE1;neo y la teor&#xED;a que propone una gran cantidad de alternativas a los modelos lineales obsoletos del tiempo "</subfield>
  </datafield>
  <datafield tag="650" ind1=" " ind2="7">
    <subfield code="a">Arte moderno</subfield>
    <subfield code="y">Siglo XX</subfield>
    <subfield code="2">lemb</subfield>
    <subfield code="9">447</subfield>
  </datafield>
  <datafield tag="650" ind1=" " ind2="7">
    <subfield code="a">Arte moderno</subfield>
    <subfield code="y">Siglo XXI</subfield>
    <subfield code="2">armarc</subfield>
    <subfield code="9">1794</subfield>
  </datafield>
  <datafield tag="650" ind1=" " ind2=" ">
    <subfield code="a">Artistas - Siglo XX</subfield>
    <subfield code="9">87061</subfield>
  </datafield>
  <datafield tag="650" ind1=" " ind2="0">
    <subfield code="a">Tiempo en el arte</subfield>
    <subfield code="9">79392</subfield>
  </datafield>
  <datafield tag="650" ind1=" " ind2=" ">
    <subfield code="a">Administraci&#xF3;n del tiempo</subfield>
    <subfield code="9">1510</subfield>
  </datafield>
  <datafield tag="942" ind1=" " ind2=" ">
    <subfield code="c">BOOK</subfield>
  </datafield>
  <datafield tag="999" ind1=" " ind2=" ">
    <subfield code="c">723583</subfield>
    <subfield code="d">723583</subfield>
  </datafield>
  <datafield tag="952" ind1=" " ind2=" ">
    <subfield code="0">0</subfield>
    <subfield code="1">0</subfield>
    <subfield code="4">0</subfield>
    <subfield code="7">0</subfield>
    <subfield code="8">GEN</subfield>
    <subfield code="a">BC</subfield>
    <subfield code="b">BC</subfield>
    <subfield code="d">2015-09-16</subfield>
    <subfield code="e">Amazon.Com</subfield>
    <subfield code="g">94704.00</subfield>
    <subfield code="i">C1232686</subfield>
    <subfield code="l">1</subfield>
    <subfield code="m">1</subfield>
    <subfield code="o">701.8 T583</subfield>
    <subfield code="p">01008954</subfield>
    <subfield code="r">2026-02-17 19:24:25</subfield>
    <subfield code="s">2025-09-12</subfield>
    <subfield code="t">1</subfield>
    <subfield code="w">2023-05-03</subfield>
    <subfield code="y">BOOK</subfield>
  </datafield>
</record>
